Science Quiz

Random Science Quiz

Types of Magnets Quiz Stats

 Plays Quiz not verified by Sporcle

Challenge
Share
Tweet
Embed
Score 0/10 Timer 06:00
0 Plays Today
Questions Answers % Correct
????
100%
????
76.5%
????
73.5%
????
50%
????
33.8%
????
25%
????
17.6%
????
10.3%
????
10.3%
????
10.3%

You're not logged in!

Compare scores with friends on all Sporcle quizzes.
Join for Free
OR
Log In

You Might Also Like...

Show Comments

Extras

Created Apr 18, 2011SourceReportFavoriteNominate
Tags:magnet

Top Quizzes Today


Score Distribution

Your Account Isn't Verified!

In order to create a playlist on Sporcle, you need to verify the email address you used during registration. Go to your Sporcle Settings to finish the process.

Report this User

Report this user for behavior that violates our Community Guidelines.

Details: